000 00656cam a22002293a 4500
001 39493
003 PGUSA
005 20140828083858.0
008 120420s2012||||xxu|||||s|||||000 | eng d
040 _aPGUSA
_beng
042 _adc
100 1 _aPlato,
_d-428--348
245 1 0 _aΠολιτεία, Τόμος 2
_h[electronic resource] /
_cPlato
260 _bProject Gutenberg,
_c2012
500 _aRepublic, Volume 2
506 _aPublic domain in the USA.
516 _aElectronic text
700 1 _aGrypares, I. N.
_q(Ioannes N.),
_d1870-1942
830 0 _aProject Gutenberg
_v39493
856 4 0 _uhttp://www.gutenberg.org/ebooks/39493
942 _cEB
999 _c268746
_d268746